| 000 | 00788cab a2200193 4500 | ||
|---|---|---|---|
| 001 | WB2517-09 | ||
| 008 | 090401t1989 xxu||||| |||| 00| 0 eng d | ||
| 035 | _a(Sirsi) u24080 | ||
| 041 | _aeng | ||
| 245 | _aPrices gap narrows | ||
| 260 | _c1989 | ||
| 350 | _a0 | ||
| 490 |
_aDaily Express _v1/5/89 pp20-21(2) |
||
| 520 | _aRegional review of trends in the housing market and the impact of high interest rates . Illustrates how well the North is doing in comparison to the South and comments on prospects facing the financial giants, who bought estate agency chains in haste at the height of the property boom and are now repenting at leisure. | ||
| 650 | _aACQUISITIONS | ||
| 690 | _aPROPERTY-RESIDENTIAL PROPERTY-RESIDENTIAL PROPERTY MARKET | ||
| 942 | _n0 | ||
| 948 | _c04/03/1997 | ||
| 999 |
_c16128 _d16128 |
||